<?xml version="1.0" encoding="UTF-8"?>
<marc:record xmlns:marc="http://www.loc.gov/MARC21/slim">
   <marc:leader>00000nam a2200000 a 4500</marc:leader>
   <marc:datafield ind1="1" ind2=" " tag="100">
      <marc:subfield code="a">Rietzler, Stefanie</marc:subfield>
      <marc:subfield code="4">aut</marc:subfield>
      <marc:subfield code="e">Verfasser/-in</marc:subfield>
   </marc:datafield>
   <marc:datafield ind1="1" ind2=" " tag="100">
      <marc:subfield code="a">Grolimund, Fabian</marc:subfield>
      <marc:subfield code="4">aut</marc:subfield>
      <marc:subfield code="e">Verfasser/-in</marc:subfield>
   </marc:datafield>
   <marc:datafield ind1="1" ind2=" " tag="100">
      <marc:subfield code="a">Wilke, Markus</marc:subfield>
   </marc:datafield>
   <marc:datafield ind1=" " ind2=" " tag="653">
      <marc:subfield code="a">Bilderbuch</marc:subfield>
   </marc:datafield>
   <marc:datafield ind1=" " ind2=" " tag="653">
      <marc:subfield code="a">Erzählerische Bilderbücher</marc:subfield>
   </marc:datafield>
   <marc:datafield ind1=" " ind2=" " tag="653">
      <marc:subfield code="a">Spielerisches Lernen: Sonstiges</marc:subfield>
   </marc:datafield>
   <marc:datafield ind1="0" ind2="0" tag="245">
      <marc:subfield code="a">Du kannst immer zu mir kommen</marc:subfield>
   </marc:datafield>
   <marc:datafield ind1="0" ind2="0" tag="245">
      <marc:subfield code="c">Rietzler, Stefanie</marc:subfield>
   </marc:datafield>
   <marc:datafield ind1=" " ind2="1" tag="264">
      <marc:subfield code="a">Bern</marc:subfield>
      <marc:subfield code="b">Hogrefe</marc:subfield>
      <marc:subfield code="c">2023</marc:subfield>
   </marc:datafield>
   <marc:datafield ind1=" " ind2=" " tag="250">
      <marc:subfield code="a">1. Auflage</marc:subfield>
   </marc:datafield>
   <marc:datafield ind1="1" ind2=" " tag="520">
      <marc:subfield code="a">Ganz gleich, ob der kleine Bär an einem schwierigen Puzzle verzweifelt, sich vor dem Sprung in den Badesee fürchtet oder wütend wird, weil er ein Nein seiner Eltern akzeptieren muss, immer wieder darf er erfahren: „Meine Eltern lieben mich. Ich kann mich ihnen anvertrauen und ihren Rückhalt spüren."&#xD;
&#xD;
Eine sichere Bindung zwischen Kindern und ihren Bezugspersonen ist die Grundlage für ein gesundes Selbstwertgefühl, einen guten Umgang mit den eigenen Gefühlen und für Resilienz. Solch eine Bindung entsteht in vielen kleinen Alltagssituationen, immer dann, wenn Kinder erleben dürfen, dass ihre Eltern sie sehen, annehmen und auch in schwierigen Momenten begleiten.&#xD;
&#xD;
Über die Autoren&#xD;
Stefanie Rietzler und Fabian Grolimund sind Psychologen und Autoren. Mit ihrer Arbeit möchten sie einen kleinen Beitrag dazu leisten, dass sich Kinder in ihren Beziehungen wohl und sicher fühlen. Mehr zu ihrer Arbeit: www.biber-blog.com&#xD;
Marcus Wilke arbeitet seit 15 Jahren freiberuflich als Illustrator. An seinem Beruf liebt er vor allem die Vielseitigkeit. Seine kreativen Einfälle sucht er am liebsten in der Stille der Natur und im Garten. Weitere Informationen: www.galerie-wilke.de</marc:subfield>
   </marc:datafield>
   <marc:datafield ind1=" " ind2=" " tag="020">
      <marc:subfield code="a">9783456862835</marc:subfield>
      <marc:subfield code="9">9783456862835</marc:subfield>
   </marc:datafield>
   <marc:datafield ind1=" " ind2=" " tag="020">
      <marc:subfield code="a">3456862830</marc:subfield>
      <marc:subfield code="9">3456862830</marc:subfield>
   </marc:datafield>
   <marc:datafield ind1=" " ind2=" " tag="041">
      <marc:subfield code="a">ger</marc:subfield>
   </marc:datafield>
   <marc:datafield ind1="1" ind2=" " tag="521">
      <marc:subfield code="a">Vorschulkind</marc:subfield>
   </marc:datafield>
   <marc:datafield ind1=" " ind2=" " tag="338">
      <marc:subfield code="a">Band</marc:subfield>
   </marc:datafield>
   <marc:datafield ind1=" " ind2=" " tag="300">
      <marc:subfield code="a">24 ungezählte Seiten</marc:subfield>
   </marc:datafield>
</marc:record>
